Normal view
MARC view
Entry Personal Name
001 - CONTROL NUMBER
- control field: 51352
003 - CONTROL NUMBER IDENTIFIER
- control field: dpl
005 - DATE AND TIME OF LATEST TRANSACTION
- control field: 20120822151545.0
008 - FIXED-LENGTH DATA ELEMENTS
- fixed length control field: 120822|||a|||||| | ||| d
040 ## - CATALOGING SOURCE
- Original cataloging agency: dpl
- Transcribing agency: dpl
100 ## - HEADING--PERSONAL NAME
- Personal name: Santra, Tarapada
670 ## - SOURCE DATA FOUND
- Source citation: Work cat.: (dpl)63780: Santra, Tarapada, Folk arts of West Bengal and the artist community /, 2011
670 ## - SOURCE DATA FOUND
- Source citation: Work cat.: (dpl)63780: Santra, Tarapada, Folk arts of West Bengal and the artist community /, 2011
